Les communes du littoral français - Statistiques

Statistiques générales
  • Ce quiz a été pris 244 fois
  • Le résultat moyen est 98 sur 638
Statistiques - réponses
Département Commune % Correct
Brest
82%
Dunkerque
82%
Calais
81%
Saint-Malo
81%
Le Havre
80%
Nice
80%
Marseille
77%
Lorient
76%
La Rochelle
75%
Saint-Nazaire
75%
Cannes
73%
Vannes
72%
Biarritz
71%
Toulon
71%
Saint-Brieuc
66%
Dieppe
65%
Boulogne-sur-Mer
64%
Arcachon
61%
Hyères
61%
Menton
61%
Narbonne
61%
Deauville
59%
Les Sables-d'Olonne
59%
Saint-Raphaël
59%
Sète
59%
Antibes
58%
Concarneau
56%
Saint-Tropez
56%
Fréjus
55%
Agde
54%
Cherbourg-en-Cotentin
54%
Arles
52%
Cassis
52%
Dinard
52%
Étretat
52%
Honfleur
52%
Hendaye
51%
Le Touquet-Paris-Plage
51%
Saint-Jean-de-Luz
51%
Morlaix
50%
Pornic
50%
Royan
50%
La Ciotat
48%
La Seyne-sur-Mer
48%
Martigues
48%
Granville
47%
Berck
46%
Avranches
45%
Lannion
45%
Gard Le Grau-du-Roi
45%
Pyrénées-Atlantiques Anglet
44%
Douarnenez
44%
Cagnes-sur-Mer
43%
La Grande-Motte
43%
Quiberon
43%
Fécamp
42%
Argelès-sur-Mer
41%
Tréauville
41%
Le Mont-Saint-Michel
40%
Collioure
39%
Guérande
39%
Paimpol
39%
Sainte-Maxime
39%
Bouches-du-Rhône Saintes-Maries-de-la-Mer
39%
Landes Biscarrosse
38%
La Baule-Escoublac
38%
La Teste-de-Buch
38%
Perros-Guirec
38%
Auray
37%
Ouistreham
37%
Cancale
36%
Crozon
36%
Seine-Maritime Le Tréport
35%
Roscoff
35%
Nord Bray-Dunes
34%
La Hague
34%
Pornichet
34%
Bandol
33%
Carnac
33%
Pyrénées-Orientales Cerbère
33%
Mandelieu-la-Napoule
33%
Saint-Laurent-du-Var
33%
Cabourg
32%
Landerneau
32%
Le Lavandou
32%
Palavas-les-Flots
32%
Fos-sur-Mer
31%
Lacanau
31%
Le Croisic
30%
Mimizan
30%
Saint-Gilles-Croix-de-Vie
30%
Barfleur
29%
Èze
29%
Frontignan
29%
Gravelines
29%
Villefranche-sur-Mer
29%
Fouras
28%
La Tranche-sur-Mer
28%
Sanary-sur-Mer
28%
Grande-Synthe
27%
Lanester
27%
Le Conquet
27%
Saint-Brevin-les-Pins
27%
Var Saint-Cyr-sur-Mer
27%
Six-Fours-les-Plages
27%
Capbreton
26%
Cap-d'Ail
26%
Gruissan
26%
Larmor-Plage
26%
Roquebrune-Cap-Martin
26%
Saint-Cyprien
26%
Saint-Jean-de-Monts
26%
Banyuls-sur-Mer
25%
Erquy
25%
Plougastel-Daoulas
25%
Port-Vendres
25%
Ramatuelle
25%
Saint-Jean-Cap-Ferrat
25%
Saint-Valery-sur-Somme
25%
Sarzeau
25%
Soulac-sur-Mer
25%
Le Pouliguen
24%
Saint-Valery-en-Caux
24%
Bormes-les-Mimosas
23%
Camaret-sur-Mer
23%
La Trinité-sur-Mer
23%
Saint-Pol-de-Léon
23%
Mers-les-Bains
22%
Pont-l'Abbé
22%
Audierne
21%
Cavalaire-sur-Mer
21%
Marseillan
21%
Pont-Aven
21%
Roquebrune-sur-Argens
21%
Villeneuve-Loubet
21%
Beaulieu-sur-Mer
20%
Bénodet
20%
Canet-en-Roussillon
20%
Cogolin
20%
Fouesnant
20%
Le Crotoy
20%
Lège-Cap-Ferret
20%
Gironde Le Verdon-sur-Mer
20%
Ollioules
20%
Sainte-Adresse
20%
Saint-Mandrier-sur-Mer
20%
Saint-Quay-Portrieux
20%
Alpes-Maritimes Théoule-sur-Mer
20%
Vallauris
20%
La Garde
19%
La Tremblade
19%
Plœmeur
19%
Plouha
19%
Port-la-Nouvelle
19%
Saint-Vaast-la-Hougue
19%
Sangatte
19%
Wimereux
19%
Arzon
18%
Bidart
18%
Étel
18%
Grimaud
18%
Aude Leucate
18%
Loctudy
18%
Pléneuf-Val-André
18%
Plérin
18%
Zuydcoote
18%
Guipavas
17%
Le Barcarès
17%
Pénestin
17%
Plestin-les-Grèves
17%
Plouzané
17%
Port-Saint-Louis-du-Rhône
17%
Saint-Cast-le-Guildo
17%
Saint-Hilaire-de-Riez
17%
Trégastel
17%
Urrugne
17%
Aytré
16%
Carqueiranne
16%
Châtelaillon-Plage
16%
Daoulas
16%
Fort-Mahon-Plage
16%
Gujan-Mestras
16%
La Forêt-Fouesnant
16%
Le Guilvinec
16%
Mauguio
16%
Penmarch
16%
Plouguerneau
16%
Port-de-Bouc
16%
Port-Louis
16%
Saint-Jacut-de-la-Mer
16%
Séné
16%
Trébeurden
16%
Trouville-sur-Mer
16%
Valras-Plage
16%
Wissant
16%
Batz-sur-Mer
15%
Carry-le-Rouet
15%
Damgan
15%
Étaples
15%
Guéthary
15%
Morbihan Guidel
15%
Landévennec
15%
Langueux
15%
Le Portel
15%
Finistère Locquirec
15%
Plomeur
15%
Plougasnou
15%
Saint-Lunaire
15%
Saint-Michel-Chef-Chef
15%
Flamanville
14%
Fréhel
14%
Grand-Fort-Philippe
14%
La Londe-les-Maures
14%
Lanvéoc
14%
La Turballe
14%
Le Faou
14%
Le Pradet
14%
Pleumeur-Bodou
14%
Plougrescant
14%
Pontorson
14%
Saint-Gildas-de-Rhuys
14%
Saint-Pierre-Quiberon
14%
Beauvoir
13%
Houlgate
13%
Lamballe-Armor
13%
Le Relecq-Kerhuon
13%
Locmariaquer
13%
Moëlan-sur-Mer
13%
Notre-Dame-de-Monts
13%
Ploéven
13%
Plomodiern
13%
Ploudalmézeau
13%
Plouharnel
13%
Pordic
13%
Roscanvel
13%
Sainte-Marie-la-Mer
13%
Seignosse
13%
Yffiniac
13%
Binic-Étables-sur-Mer
12%
Ciboure
12%
Combrit
12%
Dives-sur-Mer
12%
Lampaul-Plouarzel
12%
Larmor-Baden
12%
Le Rove
12%
Locmaria-Plouzané
12%
Loon-Plage
12%
Luc-sur-Mer
12%
Marck
12%
Plouarzel
12%
Plougonvelin
12%
Soorts-Hossegor
12%
Tarnos
12%
Hérault Vendres
12%
Veules-les-Roses
12%
Argol
11%
Arromanches-les-Bains
11%
Baden
11%
Barneville-Carteret
11%
Carantec
11%
Cherrueix
11%
Cléden-Cap-Sizun
11%
Cléder
11%
Clohars-Carnoët
11%
Colleville-sur-Mer
11%
Courseulles-sur-Mer
11%
Dirinon
11%
Elne
11%
Gassin
11%
Gâvres
11%
Goulven
11%
Guissény
11%
Hillion
11%
Jard-sur-Mer
11%
Kerlaz
11%
Kerlouan
11%
La Bernerie-en-Retz
11%
La Croix-Valmer
11%
La Forest-Landerneau
11%
Côtes-d'Armor Lancieux
11%
Lanildut
11%
Lannilis
11%
La Richardais
11%
Leffrinckoucke
11%
Lézardrieux
11%
Matignon
11%
Piriac-sur-Mer
11%
Pleubian
11%
Pleurtuit
11%
Plogoff
11%
Ploubazlanec
11%
Plouhinec
11%
Somme Quend
11%
Saint-Benoît-des-Ondes
11%
Saint-Briac-sur-Mer
11%
Saint-Jean-du-Doigt
11%
Saint-Méloir-des-Ondes
11%
Saint-Michel-en-Grève
11%
Saint-Nic
11%
Saint-Palais-sur-Mer
11%
Santec
11%
Sausset-les-Pins
11%
Talmont-Saint-Hilaire
11%
Taulé
11%
Trédrez-Locquémeau
11%
Trégarvan
11%
Trégunc
11%
Vias
11%
Villers-sur-Mer
11%
Andernos-les-Bains
10%
Beuzec-Cap-Sizun
10%
Biganos
10%
Criel-sur-Mer
10%
Henvic
10%
Hourtin
10%
Île-Tudy
10%
Landéda
10%
Le Vivier-sur-Mer
10%
Locmiquélic
10%
Logonna-Daoulas
10%
Loperhet
10%
Louannec
10%
Pas-de-Calais Oye-Plage
10%
Penvénan
10%
Plévenon
10%
Plonévez-Porzay
10%
Porspoder
10%
Rosnoën
10%
Saint-Coulomb
10%
Saint-Georges-de-Didonne
10%
Saint-Jean-Trolimon
10%
Angoulins
9%
Arradon
9%
Beaussais-sur-Mer
9%
Vendée Bouin
9%
Brélès
9%
Bretignolles-sur-Mer
9%
Cayeux-sur-Mer
9%
Ensuès-la-Redonne
9%
Erdeven
9%
Hirel
9%
Landunvez
9%
Le Bono
9%
Les Mathes
9%
Lion-sur-Mer
9%
Locquénolé
9%
Muzillac
9%
Névez
9%
Octeville-sur-Mer
9%
Plobannalec-Lesconil
9%
Plouescat
9%
Plouézec
9%
Plouezoc'h
9%
Saint-Pabu
9%
Saint-Philibert
9%
Saint-Suliac
9%
Sibiril
9%
Telgruc-sur-Mer
9%
Torreilles
9%
Trévou-Tréguignec
9%
Villeneuve-lès-Maguelone
9%
Arès
8%
Ault
8%
Genêts
8%
Goulien
8%
Hanvec
8%
Jullouville
8%
Lampaul-Ploudalmézeau
8%
Les Moutiers-en-Retz
8%
Moëze
8%
Pléboulle
8%
Ploumoguer
8%
Plozévet
8%
Poullan-sur-Mer
8%
Préfailles
8%
Quettehou
8%
Riantec
8%
Riec-sur-Bélon
8%
Sainte-Mère-Église
8%
Soustons
8%
Trébabu
8%
Tréglonou
8%
Tréveneuc
8%
Vaux-sur-Mer
8%
Yport
8%
Yves
8%
Agon-Coutainville
7%
Ambon
7%
Audresselles
7%
Beauvoir-sur-Mer
7%
Belz
7%
Bréhal
7%
Manche Carentan-les-Marais
7%
Céaux
7%
Crach
7%
Créances
7%
Créhen
7%
Dinéault
7%
Escalles
7%
Fleury
7%
Gatteville-le-Phare
7%
Ghyvelde
7%
Gonfreville-l'Orcher
7%
Grandcamp-Maisy
7%
Guimaëc
7%
Kerbors
7%
Kervignac
7%
La Barre-de-Monts
7%
L'Aiguillon-la-Presqu'île
7%
Lanmodez
7%
La Plaine-sur-Mer
7%
Le Minihic-sur-Rance
7%
Le Porge
7%
Le Rayol-Canadel-sur-Mer
7%
Le Tour-du-Parc
7%
L'Hôpital-Camfrout
7%
Merlimont
7%
Moliets-et-Maa
7%
Mont-Dol
7%
Neufchâtel-Hardelot
7%
Nieul-sur-Mer
7%
Pleudaniel
7%
Plouénan
7%
Plougoulm
7%
Ploumilliau
7%
Plounéour-Brignogan-plages
7%
Plovan
7%
Pont-Croix
7%
Port-en-Bessin-Huppain
7%
Pouldreuzic
7%
Primelin
7%
Réville
7%
Ille-et-Vilaine Roz-sur-Couesnon
7%
Saint-Armel
7%
Saint-Broladre
7%
Saint-Jean-le-Thomas
7%
Sérignan
7%
Siouville-Hague
7%
Surtainville
7%
Treffiagat
7%
Tréflez
7%
Tréguennec
7%
Trélévern
7%
Vains
7%
Ambleteuse
6%
Audenge
6%
Carcans
6%
Carolles
6%
Donville-les-Bains
6%
Dragey-Ronthon
6%
Gouville-sur-Mer
6%
Hauteville-sur-Mer
6%
Labenne
6%
Les Pieux
6%
Le Teich
6%
Le Val-Saint-Père
6%
Mesquer
6%
Pirou
6%
Plouguin
6%
Plouider
6%
Portiragnes
6%
Sainte-Hélène
6%
Saint-Jouan-des-Guérets
6%
Saint-Laurent-sur-Mer
6%
Saint-Père-Marc-en-Poulet
6%
Saint-Samson-sur-Rance
6%
Tréduder
6%
Tréogat
6%
Vieux-Boucau-les-Bains
6%
Loire-Atlantique Assérac
5%
Billiers
5%
Blonville-sur-Mer
5%
Champeaux
5%
Charente-Maritime Charron
5%
Colleville-Montgomery
5%
Équihen-Plage
5%
Langrolay-sur-Rance
5%
La Rivière-Saint-Sauveur
5%
La Vicomté-sur-Rance
5%
Lessay
5%
L'Houmeau
5%
Locoal-Mendon
5%
Longeville-sur-Mer
5%
Merville-Franceville-Plage
5%
Montmartin-sur-Mer
5%
Pennedepie
5%
Petit-Caux
5%
Pleudihen-sur-Rance
5%
Plouër-sur-Rance
5%
Plourivo
5%
Pluneret
5%
Plurien
5%
Pontaubault
5%
Regnéville-sur-Mer
5%
Saint-Aubin-sur-Mer
5%
Saint-Germain-sur-Ay
5%
Saint-Jouin-Bruneval
5%
Saint-Léonard
5%
Saint-Pair-sur-Mer
5%
Saint-Vincent-sur-Jard
5%
Vendays-Montalivet
5%
Ver-sur-Mer
5%
Veulettes-sur-Mer
5%
Asnelles
4%
Auberville
4%
Audinghen
4%
Bretteville
4%
Bréville-sur-Mer
4%
Camiers
4%
Coudeville-sur-Mer
4%
Courtils
4%
Cucq
4%
Digosville
4%
Esnandes
4%
Graye-sur-Mer
4%
Hautot-sur-Mer
4%
Huisnes-sur-Mer
4%
La Haye
4%
La Ville-ès-Nonais
4%
Le Tilleul
4%
Marcey-les-Grèves
4%
Marennes-Hiers-Brouage
4%
Plouguiel
4%
Plounévez-Lochrist
4%
Port-Bail-sur-Mer
4%
Port-des-Barques
4%
Varaville
4%
Varengeville-sur-Mer
4%
Vierville-sur-Mer
4%
Benerville-sur-Mer
3%
Bénouville
3%
Bernières-sur-Mer
3%
Blainville-sur-Mer
3%
Bourcefranc-le-Chapus
3%
Dannes
3%
Gonneville-sur-Mer
3%
Grayan-et-l'Hôpital
3%
Groffliers
3%
Héauville
3%
Hermanville-sur-Mer
3%
Langrune-sur-Mer
3%
Lit-et-Mixe
3%
Marsilly
3%
Maupertus-sur-Mer
3%
Meuvaines
3%
Ondres
3%
Paluel
3%
Puyravault
3%
Quiberville
3%
Quinéville
3%
Sainte-Marie-du-Mont
3%
Saint-Froult
3%
Saint-Pierre-en-Port
3%
Sotteville-sur-Mer
3%
Vielle-Saint-Girons
3%
Villerville
3%
Calvados Ablon
2%
Annoville
2%
Aure sur Mer
2%
Baubigny
2%
Bretteville-sur-Ay
2%
Bricqueville-sur-Mer
2%
Cauville-sur-Mer
2%
Champagné-les-Marais
2%
Commes
2%
Crasville
2%
Cricqueville-en-Bessin
2%
Criquebeuf-en-Caux
2%
Életot
2%
Englesqueville-la-Percée
2%
Eure Fatouville-Grestain
2%
Favières
2%
Fermanville
2%
Fiquefleur-Équainville
2%
Flocques
2%
Gastes
2%
Geffosses
2%
Géfosse-Fontenay
2%
Heugueville-sur-Sienne
2%
Heuqueville
2%
Lanton
2%
La Poterie-Cap-d'Antifer
2%
Le Rozel
2%
Les Loges
2%
Lestre
2%
Lingreville
2%
Manvieux
2%
Messanges
2%
Naujac-sur-Mer
2%
Noyelles-sur-Mer
2%
Orval sur Sienne
2%
Oudalle
2%
Pendé
2%
Ponthoile
2%
Rogerville
2%
Saint-Côme-de-Fresné
2%
Sainte-Eulalie-en-Born
2%
Sainte-Marguerite-sur-Mer
2%
Saint-Étienne-au-Mont
2%
Saint-Georges-de-la-Rivière
2%
Saint-Jean-de-la-Rivière
2%
Saint-Julien-en-Born
2%
Saint-Marcouf
2%
Saint-Pierre-du-Mont
2%
Saint-Quentin-la-Motte-Croix-au-Bailly
2%
Saint-Sylvain
2%
Saint-Vigor-d'Ymonville
2%
Sandouville
2%
Sassetot-le-Mauconduit
2%
Senneville-sur-Fécamp
2%
Tardinghen
2%
Tourville-sur-Sienne
2%
Tracy-sur-Mer
2%
Triaize
2%
Vattetot-sur-Mer
2%
Vensac
2%
Woignarue
2%
Audouville-la-Hubert
1%
Aumeville-Lestre
1%
Boismont
1%
Cricquebœuf
1%
Fontenay-sur-Mer
1%
Ingouville
1%
Lanchères
1%
Les Moitiers-d'Allonne
1%
Longues-sur-Mer
1%
Manneville-ès-Plains
1%
Montfarville
1%
Saint-Germain-de-Varreville
1%
Saint-Martin-aux-Buneaux
1%
Saint-Martin-de-Varreville
1%
Saint-Michel-en-l'Herm
1%
Saint-Quentin-en-Tourmont
1%
Tourgéville
1%
Vicq-sur-Mer
1%
Formigny La Bataille
0%
Aucun quiz correspondant
Distribution des résultats
% des personnes avec chaque résultat
Percentile par nombre de réponses
Votre historique - résultats
Vous n’avez pas pris ce quiz